000
00249nam a2200097Ia 4500
001
1117399
005
20250827004105.0
008
250824s9999 xx 000 0 und d
245
0
_a
GÜN OLUR ASRA BEDEL
_c
CENGİZ AYTMATOV
260
_b
KETEBE YAYINLARI
999
_c
1117399
_d
1117399